| 000 | 00772nam a22002177a 4500 | ||
|---|---|---|---|
| 005 | 20150617124526.0 | ||
| 008 | 140714b xxu||||| |||| 00| 0 Urdu d | ||
| 010 | _aUR-9076 | ||
| 020 | _c150.00 | ||
| 035 | _aU-7631 | ||
| 037 | _bDBAD | ||
| 040 |
_aDPL _bUrdu |
||
| 082 | _a840.8 | ||
| 100 | _aمر تبہ :ا نتظا ر نعيم | ||
| 245 |
_aر ہبر کا ر و ا ن:مو لا نا ا بو ا لليث ا صلا حی _cمر تبہ :ا نتظا ر نعيم |
||
| 246 | h |
_aRehber-e-Karawan _bBy Intezar Naeem |
|
| 260 |
_bMarkazi Maktaba Islami Publishers _c2012 _aNew Delhi |
||
| 270 |
_aD-307,Dawat Nagar,Abulfazal Enclave,Jamia Nagar, _bNew Delhi _k26971652 _e 110025 |
||
| 300 |
_a288ص _c22Cm (Hb) |
||
| 942 |
_2ddc _cUR _e _h840.8 _mا ن ت |
||
| 999 |
_c94326 _d94326 |
||